[Event "Schweinfurt op"]
[Site "Schweinfurt"]
[Date "2007.05.18"]
[Round "3"]
[White "Akyuerek, Ferdi"]
[Black "Schmid, Herbert"]
[Result "0-1"]
[WhiteElo "1389"]
[BlackElo "1537"]
[PlyCount "150"]
[EventDate "2007.05.17"]
[EventType "swiss"]
[EventRounds "7"]
[EventCountry "GER"]
[SourceTitle "CBM 118 Extra"]
[Source "ChessBase"]
[SourceDate "2007.07.04"]
[SourceVersion "1"]
[SourceVersionDate "2007.07.04"]
[SourceQuality "1"]

1. e4 c6 2. d4 d5 3. Nc3 dxe4 4. Nxe4 Bf5 5. Ng3 Bg6 6. Nf3 Nf6 7. Ne5 e6 8. Bg5 Be7 9. Bc4 Nbd7 10. Nxg6 hxg6 11. Qd2 Qb6 12. 0-0 0-0-0 13. a4 Qc7 14. Rfe1 Bd6 15. Qe2 Rde8 16. Bd2 Nh5 17. Nf1 Rh7 18. d5 cxd5 19. Bxd5 Nf4 20. Bxf4 Bxf4 21. g3 Bd6 22. c3 Nf6 23. Bg2 Rh5 24. b4 Kb8 25. Rec1 Rc8 26. Ne3 Re5 27. Qf3 Nd5 28. Nxd5 Rxd5 29. a5 Rf5 30. Qd1 Be5 31. Ra3 Rd8 32. Qe2 Bf6 33. a6 b6 34. Qe4 Kc8 35. Qa8+ Qb8 36. Qc6+ Qc7 37. Qa8+ Kd7 38. Rd1+ Ke8 39. Rxd8+ Bxd8 40. Qb7 Ke7 41. Qa8 Re5 42. Bb7 Re1+ 43. Kg2 Qc4 44. Qxa7 Qf1+ 45. Kf3 Re2 46. Be4+ Kf6 47. Qb7 Rxf2+ 48. Ke3 Qe1+ 49. Kd4 Rd2+ 50. Kc4 Qe2+ 51. Kb3 b5 52. Qxb5 Qxb5 53. a7 Qe2 54. a8Q Qd1+ 55. Kc4 Rd7 56. Ra7 Qe2+ 57. Kb3 Rxa7 58. Qxa7 Qxe4 59. Qf2+ Qf5 60. Qd4+ Ke7 61. Qa7+ Ke8 62. Qa4+ Kf8 63. b5 Qd5+ 64. c4 Qd1+ 65. Kb4 Qxa4+ 66. Kxa4 Ke7 67. c5 e5 68. Kb4 Kd7 69. Kc3 f5 70. Kd3 Be7 71. c6+ Kc7 72. g4 Bd6 73. h3 Kb6 74. Kc4 e4 75. Kd5 Bc7 0-1